000 00494nam a2200181Ia 4500
008 100917s9999 xx 000 0 und d
082 _b49201
100 _aनांगरे बलराम
245 _aअंतर (आ. 2 री.)
260 _bअभय कुमार पाठक
_c1979
300 _a160
365 _b15
520 _aकथा
630 _aअंतर (आ. 2 री.)
650 _aकथा
730 _aअंतर (आ. 2 री.)
942 _cBOOK
999 _c654595
_d654592